000 00620nam a22002417a 4500
003 UA-OsUOA
001 20675
007 ta
008 20031103b un ||||| |||| 00| 0 ukr d
100 _aЮгов Алексей
090 _a929:59
_bЮ15
942 _cBK
040 _aUA-OsUOA
_brus
_cUA-OsUOA
_dUA-OsUOA
245 _aИван Петрович Павлов
300 _a222 с.
_bІлюстрації
955 _a0
041 _arus
080 _a929:59
260 _aМосква
_bГосиздат детской л-ры НКП РСФСР
_c1942
044 _aRU
650 7 _2UDC
999 _c306855
_d306855